1935 1919 1578 1382 1051 1836 1767 1287 1394 1349 1187 1639 1846 1988 1317 1235 1219 1496 1889 1345 1640 1686 1197 1218 1838 1082 1187 1393 1825 1013 1270 1393 1403 1287 1768 1231 1813 1815 1891 1600 1600 1754 1403 1820 1528 1370 1081 1287 1653 1776 1205 1829 1924 1026 1676 1542 1309 1062 1442 1940 1715 1768 1072 1281 1628 1146 1064 1851 1618 1802 1504 1569 1640 1525 1514 1052 1774 1025 1874 1573 1364 1334 1694 1417 1062 1606 1564 1380 1807 1286 1369 1549 1158 1991 1881 1533 1282 1674 1053 BCNSPRNW ULIB Ver.6.0+V

เปลี่ยนเป็นภาษาไทย

Change to English
 แสดงรายละเอียดบรรณานุกรม
  กลับหน้าหลัก

Brief Record : Get Marc (ISO 2709) : E-mail record : QR code < ปิดหน้าต่าง
LEADER : 00000nam 2200000uu 4500
001    13399111254
003     ULIB
008    110621s||||||||th 000 0 tha d
020    9747233967
050  4 BF698.35.E54^bว915น 2548
100 1  เวบบ์, คาร์เรน
245 10 นพลักษณ์ :^bแผนที่เข้าถึงคนเข้าถึงตน =^bPrinciples of enneagram /^cประพันธ์โดยคาร์เรน เวบบ์ แปลและเรียบเรียงโดยพระสันติกโรภิกขุ ... [และคนอื่นๆ]
246 31 Principles of enneagram
250    พิมพ์ครั้งที่ 4
260    กรุงเทพฯ :^bมูลนิธิโกมลคีมทอง,^c2548
300    244 หน้า :^bภาพประกอบ ;^c21ซม
650  7 นพลักษณ์
650  7 การทำนายลักษณะ
650  7 บุคลิกภาพ
700 0  พระสันติกโรภิกขุ
710    มูลนิธิโกมลคีมทอง
945    ^p190^l0^i018794
995    ทศพร
999 ^a ใช้งานได้ทุกระบบ
รายการนี้ยังไม่มีแท็ก
คุณยังไม่ได้ล็อกอิน คุณสามารถมีกิจกรรมร่วมกับเว็บไซต์ได้ แต่ต้องล็อกอินก่อน ::
  ล็อกอิน

รายการสื่อสารสนเทศ

ลำดับที่ ประเภท เลขเรียก/บาร์โค้ด สถานที่ สถานะ
- ไม่พบข้อมูล -

รายการใกล้เคียง
    หัวเรื่อง [นพลักษณ์]
    หัวเรื่อง [การทำนายลักษณะ]
    หัวเรื่อง [บุคลิกภาพ]

BibComment


ยังไม่เคยถูกคอมเมนท์

คอมเมนท์ทรัพยากรรายการนี้
  คอมเมนท์: นพลักษณ์ แผนที่เ..


 Copyright 2026. Bcnsprnw @Library